| 000 | 00645nam a2200229Ia 4500 | ||
|---|---|---|---|
| 003 | OSt | ||
| 005 | 20220918191906.0 | ||
| 006 | a|||||r|||| 00| 0 | ||
| 007 | ta | ||
| 008 | 220917b |||||||| |||| 00| 0 eng d | ||
| 024 | _a65,710 | ||
| 037 | _cTextual | ||
| 040 |
_aARTS _cARTS _beng |
||
| 041 |
_2eng _aeng |
||
| 082 | _aR211, K31 | ||
| 100 |
_aSellars Wilfrid _927283 |
||
| 245 | 0 | _aScience perception and reality | |
| 260 | _c1963 | ||
| 490 | _aInternational library of philosophy and scientific method ed by A J Ayer and Bernard Williams | ||
| 942 |
_hR211, K31 _cTEXL _2CC |
||
| 999 |
_c191947 _d191947 |
||